| 000 | 00787nas a2200277 4500 | ||
|---|---|---|---|
| 001 | BR2014004081 | ||
| 003 | BR-BrBNA | ||
| 005 | 20231205124219.0 | ||
| 007 | ta | ||
| 008 | 230509b bl.|||p| |||| 00| 00por d | ||
| 040 |
_aBR-BrBNA _bpor _cBiblioteca Nacional de Agricultura |
||
| 041 | _a(Pt) | ||
| 072 | _aF01 | ||
| 100 | 1 | _aPieve, L.M. | |
| 100 | 1 | _aGuimarães, R.J. | |
| 100 | 1 | _aAssis, G.A. | |
| 100 | 1 | _aAmato, G.A.S. | |
| 100 | 1 | _aCorrêa, J.M. | |
| 245 | 1 | _aUso de polímero hidrorretentor na implantação de cafeeiros | |
| 650 | _aCAFÉ | ||
| 650 | _aPLANTIO | ||
| 650 | _aCRESCIMENTO | ||
| 773 | 0 |
_tCoffee Science (Brazil) _xISSN 1809-6875 _g(Jul-Sep 2013), v. 8(3) p. 314-323 _wBR2014004081 |
|
| 909 |
_a202311 _bLúcia _c55 _dLúcia Elande |
||
| 942 |
_2AGRIS _n0 _cANA |
||
| 999 |
_c237909 _d237909 |
||